Bornemisza László festményei

Elmentve itt :
Bibliográfiai részletek
Szerző: Szelesi Zoltán
Dokumentumtípus: Cikk
Megjelent: 1967-11-18
Sorozat:Délmagyarország 57 No. 273
Kulcsszavak:Bornemisza László, Kiss Roóz Ilona, Festészet kiállítás Szeged 1967, műgyűjtők kiállítása
Online Access:http://dmarchiv.bibl.u-szeged.hu/61529
LEADER 00541nab a2200157 i 4500
001 delm61529
005 20180927144527.0
008 180927s1967 hu o 0|| hun d
040 |a SZTE Délmagyarország Archívum  |b hun 
041 |a hun 
100 1 |a Szelesi Zoltán 
245 1 0 |a Bornemisza László festményei  |h [elektronikus dokumentum] /  |c  Szelesi Zoltán 
260 |c 1967-11-18 
300 |a 5 
490 0 |a Délmagyarország  |v 57 No. 273 
695 |a Bornemisza László, Kiss Roóz Ilona, Festészet kiállítás Szeged 1967, műgyűjtők kiállítása